Statystyki dla 15 trudnych flag w minutę dla geomexa

Kliknij tutaj aby rozwiązać quiz!

Ogólne statystyki

  • Ten quiz został rozwiązany 587 razy
  • Średni wynik to 11 z 15

Statystyki odpowiedzi

Odpowiedź% Poprawnych
Czad
92%
Syria
92%
Niger
91%
Watykan
91%
Azerbejdżan
85%
Barbados
84%
Turkmenistan
84%
Bhutan
82%
Jemen
71%
Hong kong
70%
Kuba
66%
Mozambik
66%
Paragwaj
58%
Malawi
57%
Nikaragua
57%

Rozkład punktacji

Percentyl według liczby udzielonych odpowiedzi

Procent ludzi z każdym wynikiem

Twoja historia wyników

Nie rozwiązałeś tego quizu